| 000 | 00763nam a2200229 a 4500 | ||
|---|---|---|---|
| 005 | 20220811140550.0 | ||
| 008 | 181210s2017 mx r 000 0 spa d | ||
| 020 | _a9786079470982 | ||
| 035 | _aUPN01000228285 | ||
| 049 | _aCG | ||
| 050 | 4 |
_aJS2113 _bP7.6 |
|
| 245 | 0 | 0 |
_aProblemas metropolitanos y buen gobierno en México / _ccoord. Carlos Téllez. |
| 260 |
_aMéxico : _bEl Colegio de Michoacán, _cc2017. |
||
| 300 |
_a318 p. : _bil., cuadros, mapas, tablas, gráfs. |
||
| 440 | 0 | _aDebates | |
| 650 | 4 |
_aÁreas metropolitanas _zMéxico _920121 |
|
| 650 | 4 |
_aDESARROLLO URBANO SUSTENTABLE - _zMEXICO _927143 |
|
| 650 | 4 |
_aURBANIZACION - _xASPECTOS AMBIENTALES - _zMEXICO _927306 |
|
| 700 | 1 |
_aTéllez, Carlos, _ecoord. |
|
| 905 | _aLibro | ||
| 999 |
_c200380 _d200380 |
||